000
00295nam a2200121Ia 4500
008
190216s9999||||xx |||||||||||||| ||und||
100
_a
Dr.Parasuram Shukla
245
0
_a
Hindi-Bharathiya Veeranganayem
260
_b
Knowledge Plus Dilli
_c
2008
300
_a
184
650
_a
Hindi
942
_c
BK
999
_c
16650
_d
16650